|
|
|
|
| LEADER |
00680ntm a2200169 i 4500 |
| 001 |
misc46794 |
| 005 |
20201001131147.0 |
| 008 |
200505s1908 hu o 0|| hun d |
| 040 |
|
|
|a SZTE Miscellanea Repozitórium
|b hun
|
| 041 |
|
|
|a hun
|
| 100 |
1 |
|
|a Mersán József
|
| 245 |
1 |
0 |
|a Mersán József levele a magyar királyi belügyminiszterhez a cigányügy tárgyában
|h [elektronikus dokumentum] /
|c Mersán József
|
| 260 |
|
|
|c 1908-02-20
|
| 300 |
|
|
|a 6 p.
|
| 561 |
|
|
|a Herrmann Antal hagyaték
|
| 695 |
|
|
|a cigányügy, vándor cigányok, cigányok letelepítése, törvényjavaslat
|
| 856 |
4 |
0 |
|u http://misc.bibl.u-szeged.hu/46794/1/hermann_antal_ms_1934_004_egyeb_031.pdf
|z Dokumentum-elérés
|